00378nam a22001217a 450000500170000000800410001704100080005808200080006610000640007424500680013826000420020630000080024820250327130957.0250327b |||||||| |||| 00| 0 eng d aENG aVIS aVispute Ishwari- 2K231192 & Prof. Priyanka Potdar – Guide aTo Study the Challenges Faced During the Process of Recruitment aPune bSPPU cDecember 2024  a118